G1レースを3回以上優勝した馬 - Statistics

General Stats
  • This quiz has been taken 355 times
  • The average score is 37 of 67
Answer Stats
優勝回数 G1レース 馬名 % Correct
7 2005皐・ダ・菊 / 2006春天・ジ・宝・有 ディープインパクト
94%
8 2018桜・オ・秋・ジ / 2019秋天 / 2020ヴ・秋天・ジ アーモンドアイ
91%
7 2015菊 / 2016春天・ジ / 2017大・春天・秋天・有 キタサンブラック
91%
7 1984皐・春天・菊・有 / 1985春天・ジ・有 シンボリルドルフ
89%
7 1999皐 / 2000春天・秋天・ジ・宝・有 / 2001春天 テイエムオペラオー
87%
6 2012皐・菊・有 / 2013宝 / 2014宝 / 2015春天 ゴールドシップ
86%
7 2006阪 / 2007ダ / 2008安・秋天 / 2009ヴ・安・ジ ウオッカ
85%
6 2011皐・菊・ダ・有 / 2012宝 / 2013有 オルフェーヴル
85%
4 1991皐・ダ / 1992ジ / 1993有 トウカイテイオー
84%
5 2022秋天・有 / 2023秋天・ジ イクイノックス
83%
5 1993朝 / 1994皐・ダ・菊・有 ナリタブライアン
82%
4 1988有 / 1989マ / 1990安・有 オグリキャップ
82%
5 2019ホ / 2020皐・ダ・菊 / 2021ジ コントレイル
79%
4 1998ダ / 1999春天・秋天・ジ スペシャルウィーク
79%
6 2012桜・オ・秋・ジ / 2013ジ / 2014有 ジェンティルドンナ
78%
4 1990菊 / 1991春天 / 1992春天 / 1993宝 メジロマックイーン
77%
4 2007桜・秋・エ / 2008有 ダイワスカーレット
76%
4 1997朝 / 1998有 / 1999宝・有 グラスワンダー
71%
3 2021朝 / 2022ダ / 2023有 ドウデュース
68%
6 2008阪 / 2009桜・オ / 2010ヴ・秋天 / 2011ジ ブエナビスタ
67%
4 2002秋天・有 / 2003秋天・有 シンボリクリスエス
67%
5 2009阪 / 2010桜・オ・秋 / 2011ヴ アパパネ
62%
4 2019秋 / 2020宝・有 / 2021宝 クロノジェネシス
61%
3 2021皐・秋天・有 エフフォーリア
61%
3 1992菊 / 1993春天 / 1995春天 ライスシャワー
59%
3 2004秋天・ジ・有 ゼンノロブロイ
58%
3 2020桜・オ・秋 デアリングタクト
58%
6 2019桜 / 2020ス・マ・安 / 2021ヴ・マ グランアレグリア
57%
4 2022阪 / 2023桜・オ・秋 リバティアイランド
56%
3 1986桜・オ・エ メジロラモーヌ
56%
3 1988春天・秋天・宝 タマモクロス
56%
4 1995菊・有 / 1996宝 / 1997春天 マヤノトップガン
55%
4 2000マ / 2001秋天 / 2002フ / 2003安 アグネスデジタル
54%
3 1988菊 / 1989秋天 / 1990春天 スーパークリーク
54%
3 1989春天・宝・有 イナリワン
54%
3 2001菊・有 / 2002春天 マンハッタンカフェ
54%
4 1997ス・マ / 1998安・マ タイキシャトル
52%
3 1993菊 / 1994春天・宝 ビワハヤヒデ
52%
3 1991朝 / 1992皐・ダ ミホノブルボン
51%
3 2003桜・オ・秋 スティルインラブ
51%
3 2021菊 / 2022春天・宝 タイトルホルダー
51%
5 1997オ・秋 / 1998エ / 1999エ メジロドーベル
49%
4 2012ス / 2013高・安・ス ロードカナロア
49%
3 2006朝 / 2009宝・有 ドリームジャーニー
49%
5 2004皐 / 2006秋天・マ / 2007安・マ ダイワメジャー
46%
4 2006皐・ダ / 2007春天・秋天 メイショウサムソン
45%
3 2018エ / 2019宝・有 リスグラシュー
43%
3 2020阪 / 2021桜 / 2022ヴ ソダシ
43%
3 2002菊 / 2003春天・宝 ヒシミラクル
42%
3 2022安 / 2023ヴ・安 ソングライン
40%
3 2004秋 / 2005エ・宝 スイープトウショウ
38%
3 2019エ / 2020大・エ ラッキーライラック
36%
3 2015安・マ / 2016秋天 モーリス
35%
3 1991阪 / 1992桜・ス ニシノフラワー
32%
3 2003ス・マ / 2004マ デュランダル
31%
3 2018菊 / 2019春天 / 2020春天 フィエールマン
30%
3 2010チ / 2011フ・チ トランセンド
29%
3 1985皐・菊 / 1987春天 ミホシンザン
27%
3 2012朝 / 2013皐 / 2016安 ロゴタイプ
27%
3 1984マ / 1985安・マ ニホンピロウイナー
26%
3 1992安 / 1993安・秋天 ヤマニンゼファー
26%
3 2005チ / 2006フ / 2008チ カネヒキリ
26%
3 1987秋天・マ / 1998安 ニッポーテイオー
23%
3 2000阪 / 2001桜・秋 テイエムオーシャン
23%
3 2015ヴ・ス / 2016ヴ ストレイトガール
20%
3 2013オ・秋・エ メイショウマンボ
19%
3 1998桜・秋 / 2000エ ファレノプシス
14%
No matching quizzes found
Score Distribution
Percent of People with Each Score
Percentile by Number Answered
Your Score History
You have not taken this quiz